Destinations out of Burbank Airport - Statistics

General Stats
  • This quiz has been taken 9 times
  • The average score is 31 of 67
Answer Stats
Airline Destination % Correct
Southwest Austin
88%
American Airlines Dallas/Fort Worth
88%
Southwest Denver
88%
United Airlines Denver
88%
Frontier Airlines Las Vegas
88%
JSX Las Vegas
88%
Southwest Las Vegas
88%
Spirit Airlines Las Vegas
88%
Alaska Airlines Portland
88%
Southwest Portland
88%
Southwest San Francisco
88%
United Airlines San Francisco
88%
United Express San Francisco
88%
Alaska Airlines Boise
75%
Avelo Airlines Boise
75%
Southwest Reno/Tahoe
75%
Southwest Sacramento
75%
Delta Air Lines Salt Lake City
75%
Delta Connection Salt Lake City
75%
Southwest Salt Lake City
75%
Southwest San Jose
75%
Alaska Airlines Seattle/Tacoma
75%
JSX Oakland
63%
Southwest Oakland
63%
Ameriflight Oakland
63%
UPS Airlines Oakland
63%
Avelo Airlines Eugene
50%
Southwest Eugene
50%
Avelo Airlines Eureka
50%
Avelo Airlines Medford
50%
Avelo Airlines Redmond/Bend
50%
Alaska Airlines Santa Rosa
50%
Avelo Airlines Santa Rosa
50%
FedEx Express Memphis
38%
JSX Monterey
38%
Ameriflight Ontario
38%
American Airlines Phoenix Sky Harbor
38%
American Eagle Phoenix Sky Harbor
38%
JSX Phoenix Sky Harbor
38%
Southwest Phoenix Sky Harbor
38%
Avelo Airlines Redding
38%
Southwest Chicago Midway
25%
UPS Airlines Chicago O'Hare
25%
UPS Airlines Des Moines
25%
Ameriflight Bakersfield
25%
FedEx Express Indianapolis
25%
Southwest Nashville
25%
Ameriflight Oxnard
25%
Ameriflight San Luis Obispo
25%
Ameriflight Santa Barbara
25%
Avelo Airlines Tri-Cities
25%
UPS Airlines Chicago-Rockford
13%
JSX Concord
13%
JSX Denver-Rocky Mountain
13%
FedEx Express Fort Worth
13%
Southwest Houston Hobby
13%
UPS Airlines Louisville
13%
Advanced Air Mammoth Lakes
13%
JSX Reno Tahoe
13%
JSX Rifle
13%
Ameriflight Santa Maria
13%
JSX Taos
13%
Southwest Alberqueque
0%
Air NetExpress Colombus-Rickenbrocker
0%
Southwest Dallas Love Field
0%
JetBlue New York John F. Kennedy
0%
UPS Airlines San Bernadino
0%
No matching quizzes found
Score Distribution
Percent of People with Each Score
Percentile by Number Answered
Your Score History
You have not taken this quiz